000 00777nam a2200217 a 4500
001 000025948
005 20200930024156.0
008 110224s1985 mx r 000 0 spa d
020 _a9684092903
040 _aDO-SdBNP
_bspa
_cBNPHU
041 1 7 _aspa
_heng
_2Código de idiomas MARC
082 _a306.8
_bY61f
100 1 _aYorbung, Betty.
_952815
240 1 0 _aFamilies and societies survival or extinction?
_lEspañol
245 1 3 _aEl futuro de la familia :
_bun dramático cambio en la sociedad y en la organización familiar /
_cBetty Yorbung.
260 _aMéxico, D. F. :
_bEdamex,
_c1985.
300 _a263 p. ;
_c20 cm.
534 _aTítulo de la obra en inglés :
_tFamilies and societies survival or extinction?
650 4 _aVida familiar
_911338
049 _aBNGR
999 _c25440
_d25440